| 000 | 00494nam a2200133Ia 4500 | ||
|---|---|---|---|
| 001 | 2855 | ||
| 008 | 241024s9999 xx 000 0 und d | ||
| 082 | _aRD/510/R426d/IDEICE/2012 | ||
| 100 | _aRepública Dominicana.MINERD/CECC/SICA | ||
| 245 | 0 | _aDominio de los contenidos matemáticos por parte del docente como factor de éxito o fracaso escolar en el Primer Ciclo del Nivel Básico en República Dominicana | |
| 260 |
_bSanto Domingo _c2012 |
||
| 901 | _a8/4/2013 10:20:22 a.m. | ||
| 999 |
_c8195 _d8195 |
||